Famous food from European countries. - Statistics

General Stats
  • This quiz has been taken 69 times
  • The average score is 5 of 12
Answer Stats
Picture Answer % Correct
Croissant
97%
Pizza
97%
Paella
69%
English Breakfast
56%
Bratwurst
50%
Goulash
36%
Tzatziki
36%
Stroopwafels
20%
Swiss cheese
14%
Wiener Schnitzel
13%
Köttbullar
8%
Lihäpyörykoita
2%
No matching quizzes found
Score Distribution
Percent of People with Each Score
Percentile by Number Answered
Your Score History
You have not taken this quiz